Statistics for Largest Coastal Cities

Click here to take the quiz!

General Stats

  • This quiz has been taken 527 times
    (514 since last reset)
  • The average score is 14 of 20

Answer Stats

PopulationCoastal City% Correct
22 milNew York City
94%
39 milTokyo
94%
18 milLos Angeles
89%
30 milShanghai
89%
23 milMumbai
87%
27 milJakarta
85%
13 milRio de Janeiro
83%
46 milGuangzhou
80%
23 milManila
77%
18 milOsaka
72%
14 milIstanbul
71%
16 milBuenos Aires
70%
17 milBangkok
65%
24 milKarachi
65%
17 milLagos
65%
9 milChennai
54%
9 milTaipei
49%
10 milNagoya
46%
11 milTianjin
46%
9 milXiamen
31%

Score Distribution

Percentile by Number Answered

Percent of People with Each Score

Your Score History

You have not taken this quiz since the last reset